000 01095cam a2200313 i 4500
001 49337
003 Mx-PuUPA
005 20250806120239.0
008 140415s2004 mx a gr 000 0 spa d
020 _a9706862935
040 _aMx-PuUPA
_bspa
_cMx-PuUPA
_dMx-PuUPA
_erda
041 0 _aspa
043 _an-cl---
100 1 _aFernández Valiñas, Ricardo,
_917356
_eautor
245 1 0 _aPublicidad :
_bun enfoque latinoamericano /
_cRicardo Fernández Valiñas, Rodolfo Urdiain Farcug
264 1 _aMéxico, D.F. :
_bEditorial Thomson Editores,
_c©2004
300 _a179 páginas :
_bilustraciones ;
_c23 cm
336 _2rdacontent
_atexto
_btxt
337 _2rdamedia
_asin medio
_bn
338 _2rdacarrier
_avolumen
_bnc
650 7 _2armarc
_aPublicidad
650 7 _2armarc
_aPublicidad
_zAmérica Latina
650 7 _2armarc
_aComunicación en los negocios
_zAmérica Latina
650 7 _2armarc
_aMercadeo
_zAmérica Latina
700 1 _aUrdiain Farcug, Rodolfo,
_eautor
942 _2ddc
_cLI
_h659.1098
_iF34
999 _c49337
_d49337